000 00262nam a22001217a 4500
020 _a978-0-7537-2084-4
082 _a001
_bCHA/T
245 _aTELL ME WHERE?
260 _aLONDON
_bCHANCELLOR
300 _a207
650 _aGENERAL KNOWLEDGE
_zLONDON
942 _cBK
999 _c2701
_d2701